000 00679aam a2200241 i 4500
001 414
003 CO-MdBIC
005 20210828123849.0
008 210828t1996 ck aboc| |||| 00| 0 eng d
040 _bspa.
_aCO-MdFUSB
_cCO-MdFUSB
_dCO-MdFUSBC
_erda
041 _aspa
082 0 4 _aR 909 T5622h
245 1 0 _aThe times : Historia universal / Times Books, Editores
_c/
264 1 _aColombia :
_bCasa Editorial El Tiempo,
_c[1996]
264 4 _c© 1996
300 _a271 Pag.
_c;
336 _2rdacontent
_atexto
_btxt
337 _2rdamedia
_asin mediación
_bn
338 _2rdacarrier
_avolumen
_bnc
653 _aHistoria
_auniversal
942 _cBK
945 _aEstudiante
999 _c31944
_d31944